Gambling Act 2005. (Record no. 3048)
[ view plain ]
| 000 -LEADER | |
|---|---|
| fixed length control field | 00984cam a22003374a 4500 |
| 001 - CONTROL NUMBER | |
| control field | 14753431 |
| 003 - CONTROL NUMBER IDENTIFIER | |
| control field | OSt |
| 005 - DATE AND TIME OF LATEST TRANSACTION | |
| control field | 20230629130647.0 |
| 008 - FIXED-LENGTH DATA ELEMENTS--GENERAL INFORMATION | |
| fixed length control field | 070301s2006 enk l 001 0 eng |
| 010 ## - LIBRARY OF CONGRESS CONTROL NUMBER | |
| LC control number | 2007386281 |
| 020 ## - INTERNATIONAL STANDARD BOOK NUMBER | |
| International Standard Book Number | 0421923504 |
| 040 ## - CATALOGING SOURCE | |
| Original cataloging agency | DLC |
| Transcribing agency | DLC |
| 043 ## - GEOGRAPHIC AREA CODE | |
| Geographic area code | e-uk--- |
| 050 00 - LIBRARY OF CONGRESS CALL NUMBER | |
| Classification number | KD3527 |
| Item number | .A3 2005 |
| 082 ## - DEWEY DECIMAL CLASSIFICATION NUMBER | |
| Classification number | 348.02 |
| Item number | ALL |
| 110 1# - MAIN ENTRY--CORPORATE NAME | |
| Corporate name or jurisdiction name as entry element | Great Britain. |
| 245 10 - TITLE STATEMENT | |
| Title | Gambling Act 2005. |
| 260 ## - PUBLICATION, DISTRIBUTION, ETC. (IMPRINT) | |
| Place of publication, distribution, etc. | [London?] : |
| Name of publisher, distributor, etc. | Thomson/Sweet & Maxwell, |
| Date of publication, distribution, etc. | [2005] |
| 300 ## - PHYSICAL DESCRIPTION | |
| Extent | 388 p. ; |
| Dimensions | 24 cm. |
| 490 0# - SERIES STATEMENT | |
| Series statement | A current law statute guide |
| 500 ## - GENERAL NOTE | |
| General note | Cover title. |
| 500 ## - GENERAL NOTE | |
| General note | "Annotations by Carl Rohsler ... with the assistance of Serena White"--P. 1. |
| 500 ## - GENERAL NOTE | |
| General note | Includes index. |
| 650 #0 - SUBJECT ADDED ENTRY--TOPICAL TERM | |
| Topical term or geographic name as entry element | Gambling |
| General subdivision | Law and legislation |
| Geographic subdivision | Great Britain. |
| 700 1# - ADDED ENTRY--PERSONAL NAME | |
| Personal name | Rohsler, Carl. |
| 700 1# - ADDED ENTRY--PERSONAL NAME | |
| Personal name | White, Serena. |
| 710 2# - ADDED ENTRY--CORPORATE NAME | |
| Corporate name or jurisdiction name as entry element | Sweet & Maxwell. |
| 906 ## - LOCAL DATA ELEMENT F, LDF (RLIN) | |
| a | 7 |
| b | cbc |
| c | orignew |
| d | 2 |
| e | ncip |
| f | 20 |
| g | y-gencatlg |
| 942 ## - ADDED ENTRY ELEMENTS (KOHA) | |
| Source of classification or shelving scheme | Dewey Decimal Classification |
| Koha item type | Books |
| Withdrawn status | Lost status | Source of classification or shelving scheme | Damaged status | Not for loan | Home library | Current library | Date acquired | Total Checkouts | Full call number | Barcode | Date last seen | Price effective from | Koha item type |
|---|---|---|---|---|---|---|---|---|---|---|---|---|---|
| Dewey Decimal Classification | County Hall Archives | County Hall Archives | 06/29/2023 | 348.02 ALL | 10010024 | 06/29/2023 | 06/29/2023 | Books | |||||
| Dewey Decimal Classification | County Hall Archives | County Hall Archives | 06/29/2023 | 348.02 ALL | 10009626 | 06/29/2023 | 06/29/2023 | Books | |||||
| Dewey Decimal Classification | County Hall Archives | County Hall Archives | 06/29/2023 | 348.02 ALL | 10010026 | 06/29/2023 | 06/29/2023 | Books | |||||
| Dewey Decimal Classification | County Hall Archives | County Hall Archives | 06/29/2023 | 348.02 ALL | 10010320 | 06/29/2023 | 06/29/2023 | Books | |||||
| Dewey Decimal Classification | County Hall Archives | County Hall Archives | 06/29/2023 | 348.02 ALL | 10009627 | 06/29/2023 | 06/29/2023 | Books | |||||
| Dewey Decimal Classification | County Hall Archives | County Hall Archives | 06/29/2023 | 348.02 ALL | 10010025 | 06/29/2023 | 06/29/2023 | Books | |||||
| Dewey Decimal Classification | County Hall Archives | County Hall Archives | 06/29/2023 | 348.02 ALL | 10009628 | 06/29/2023 | 06/29/2023 | Books | |||||
| Dewey Decimal Classification | County Hall Archives | County Hall Archives | 06/29/2023 | 348.02 ALL | 10010027 | 06/29/2023 | 06/29/2023 | Books | |||||
| Dewey Decimal Classification | County Hall Archives | County Hall Archives | 06/29/2023 | 348.02 ALL | 10010317 | 06/29/2023 | 06/29/2023 | Books | |||||
| Dewey Decimal Classification | County Hall Archives | County Hall Archives | 06/29/2023 | 348.02 ALL | 10010316 | 06/29/2023 | 06/29/2023 | Books | |||||
| Dewey Decimal Classification | County Hall Archives | County Hall Archives | 06/29/2023 | 348.02 ALL | 10010318 | 06/29/2023 | 06/29/2023 | Books | |||||
| Dewey Decimal Classification | County Hall Archives | County Hall Archives | 06/29/2023 | 348.02 ALL | 10010319 | 06/29/2023 | 06/29/2023 | Books | |||||
| Dewey Decimal Classification | County Hall Archives | County Hall Archives | 06/29/2023 | 348.02 ALL | 1000881 | 06/29/2023 | 06/29/2023 | Books | |||||
| Dewey Decimal Classification | County Hall Archives | County Hall Archives | 06/29/2023 | 348.02 ALL | 1000882 | 06/29/2023 | 06/29/2023 | Books |
